| 000 | 01712cam a22004694i 4500 | ||
|---|---|---|---|
| 003 | PE-LiUPU | ||
| 005 | 20260203121842.0 | ||
| 008 | 150617s r 000 0 d | ||
| 035 | _a(Sirsi) a13428 | ||
| 040 |
_aPE-LiUPU _bspa _cPE-LiUPU _erda |
||
| 049 | _aPRUA | ||
| 082 | 0 | 4 |
_a230.08 _bC _221 |
| 100 | 1 |
_aWalter, Eugenio, _eautor. |
|
| 245 | 1 | 0 |
_aMensaje de la Salvación para el hombre Actual / _cEugen Walter ; [traducción de José Luis Viloria]. |
| 264 | 1 |
_aMadrid : _bEdiciones Castilla, _c1962. |
|
| 300 |
_a143 páginas ; _c19 cm |
||
| 336 |
_atext _2rdacontent |
||
| 337 |
_aunmediated _2rdamedia |
||
| 338 |
_avolume _2rdacarrier |
||
| 490 | 0 |
_aCristianismo y hombre actual ; _v20 |
|
| 505 | 0 | _aAbraham y la fe -- La promesa: El pueblo y la tierra -- Moisés y la Alianza -- Elías y la función profética -- El "resto" y la totalidad -- El siervo de Dios -- El núcleo de la Alianza: La mediación -- El acceso al Santuario. | |
| 526 | _aSEG42 | ||
| 526 | _aSEG41 | ||
| 526 | _aSEG40 | ||
| 526 | _aSEG39 | ||
| 526 | _aP94 | ||
| 526 | _aP87 | ||
| 526 | _aP86 | ||
| 526 | _aP85 | ||
| 526 | _aP77 | ||
| 526 | _aP76 | ||
| 526 | _aP35 | ||
| 650 | 0 | 0 |
_aSalvación _9870 |
| 700 | 1 |
_aViloria, José Luis, _etraductor. |
|
| 910 |
_ajck _bjvq _cjck _d20150616 |
||
| 942 |
_2ddc _cBOOK |
||
| 949 |
_a230.08 C _wDEWEY _c1 _i12728 _lCCODEBUL1 _mBUL _p00.00 _r0 _sY _tBOOK _u19741203 _xTEOLOGIA _PP35 _0COMPRA _o.STAFF. Colección General |
||
| 994 |
_aC0 _bPEPRU |
||
| 596 | _a1 | ||
| 999 |
_a230.08 C _wDEWEY _c3794 _i12728 _f2021-11-11 _g6 _lCCODEBUL1 _mBUL _r0 _sY _tBOOK _u2015-6-17 _xTEOLOGIA _PP35 _0COMPRA _o.STAFF. Colección General _d3794 |
||
| 980 |
_818226 _gJaime Vilcazán Jefe de Análisis Documental |
||